Gia tăng khả năng chịu úng của cây lúa bằng một số hợp chất hóa học : Báo cáo tổng kết đề tài khoa học và công nghệ cấp Trường

Nội dung đề tài nghiên cứu về khả năng chịu úng của ít nhất 5 giống lúa trồng phổ biến hiện nay ở vùng ĐBSCL. Khảo sát hiệu quả của một số hợp chất hóa học lên việc gia tăng mức độ chịu ngập của cây lúa ở giai đoạn mạ. Định lượng...

全面介绍

Đã lưu trong:
书目详细资料
主要作者: Phạm, Phước Nhẫn
格式: 图书
语言:Undetermined
出版: Cần Thơ Trường Đại học Cần Thơ 2014
主题:
标签: 添加标签
没有标签, 成为第一个标记此记录!
Thư viện lưu trữ: Trung tâm Học liệu Trường Đại học Cần Thơ
LEADER 01516nam a2200217Ia 4500
001 CTU_198366
008 210402s9999 xx 000 0 und d
082 |a 633.18 
082 |b Nh121 
088 |a T2013-49 
100 |a Phạm, Phước Nhẫn 
245 0 |a Gia tăng khả năng chịu úng của cây lúa bằng một số hợp chất hóa học : 
245 0 |b Báo cáo tổng kết đề tài khoa học và công nghệ cấp Trường 
245 0 |c Phạm Phước Nhẫn (Chủ nhiệm đề tài) ; Trần Phú Hữu, Nguyễn Thị Diễm Kiều (Sinh viên phối hợp thực hiện) 
260 |a Cần Thơ 
260 |b Trường Đại học Cần Thơ 
260 |c 2014 
520 |a Nội dung đề tài nghiên cứu về khả năng chịu úng của ít nhất 5 giống lúa trồng phổ biến hiện nay ở vùng ĐBSCL. Khảo sát hiệu quả của một số hợp chất hóa học lên việc gia tăng mức độ chịu ngập của cây lúa ở giai đoạn mạ. Định lượng một số hợp chất liên quan đến sinh lý sinh hóa trên cây lúa nhằm góp phần giải thích cơ chế thích nghi của cây lúa trong điều kiện bị ngập. 
650 |a Rice reseach,Nghiên cứu lúa 
904 |i Nguyên 
980 |a Trung tâm Học liệu Trường Đại học Cần Thơ